000 00624ntaaa2200193 4500
003 01
005 20251027201257.0
008 0714s1973 ag 01
040 _aAR-BaBN
_bspa
_cAR-BaBN
_eaacr
_dRIC
082 _a221.0000 R56
100 _aRobinson, T.H.
_910943
245 _aDecline and fall of the Hebrew kingdoms; Israel in the Eighth and Seventh centuries, B.C.
250 _a1 ed. :
_bOxford at the Claredom Press,
_cc1926, 1955
300 _axx, 246 p., mapas, tablas
500 _a(The Claredon Bible Old Testament Vol. III)
650 _aBiblia-Antiguo Testamento
650 _aReinado Hebreo
_910944
942 _cBK
999 _c7159
_d7159